LEADER 01070nam a2200241 4500 001 000000361618 003 CaOOAMICUS 005 20260519113540.0 008 250210s1997 it 000 u mul r 040 $aSeMil$bita 100 1 $aItaliano, Giovanni.$0(OLS)http://semarc/name/121469 245 10$aGuida alle lezioni di ebraico biblico /$cGiovanni Italiano & Elio Dresda ; presentazione del prof. Carlo Orecchia. 264 1$a[S.l. :$bs.n.],$c1997. 300 $aX, 161 p. ;$c30 cm 650 4$aLingua ebraica biblica - Dizionari, glossari, grammatica, sintassi etc.$0(OLS)http://semarc/subject/296 700 1 $aDresda, Elio.$0(OLS)http://semarc/name/121470 700 1 $aOrecchia, Carlo.$0(OLS)http://semarc/name/31960 850 $aSeMil 852 $aSeMil$W1$xVenegono$y1$m2VV V 12$j270282$B252572$CSeMilBibl$Z2$F252572 $81 961 $aFamiglia Gonano - Omaggio 996 $6245$aGuida alle lezioni di ebraico biblico$9(OLS)http://semarc/title/452371 996 $6264$a[S.l. :$bs.n.]$9(OLS)http://semarc/publisher/29751